000 00407nam a2200157Ia 4500
008 230312s9999||||xx |||||||||||||| ||und||
020 _a81-317-0585-4
082 _a621.381
_bRAO-E
100 _aRao;B.Visvesvara
245 0 _aElectronic Devices and Circuits
260 _bPearsons
_aIndia
_c2007
300 _a408
546 _aEng.
650 _aEngineering
_vElectronic Devices and Circuits
942 _cBK
999 _c7230
_d7230